000 00259nam a2200109Ia 4500
008 220204s9999 xx 000 0 und d
082 _a82-3
_bMOO
100 _aMoore, Robin
245 4 _aThe Terminal connection
260 _aLondon
_bSphere
_c1978
942 _cBK
999 _c35820
_d35820